Maisie and the Dolphin (Registo nº 944)

Detalhes MARC
000 -Etiqueta do registo
Cabeçalho 00741nam0a2200301 4500
005 - Identificador da versão
Campo de controlo 20240813121819.0
010 ## - Número internacional normalizado dos livros (ISBN)
Número (ISBN) 0 582 501990 7
021 ## - Número do Depósito Legal
Código do país GB
035 ## - Other System Control Numbers
System Control Number 0001009
System Control Number 0000992
100 ## - Dados gerais de processamento
Dados gerais de processamento 20091120d a y0pory5003 ba
102 ## - Pais de publicação ou produção
País de publicação Portugal
101 0# - Língua de publicação
Língua do texto, banda sonora, etc. Inglês
Língua do documento no original Inglês
106 ## - Campo de dados codificados: material textual
Dados codificados do material textual r
105 ## - Campo de dados codificados: livros
Dados codificados dos livros a z 001yy
215 ## - Descrição física 
Indicação específica da natureza do documento e extensão da espécie 16 p.
Outras indicações físicas il.
200 1# - Titulo e menção de responsabilidade
Título próprio Maisie and the Dolphin
Primeira menção de responsabilidade Stephen Rabley
225 2# - Colecção 
Título próprio da colecção Penguin Readers Easystarts
210 ## - Publicação, Distribuição, etc. 
Nome do editor, distribuidor, etc. Pearson Education Limited
Data da publicação, distribuição, etc. 1989
304 ## - Notas relativas a título e menção de responsabilidade 
Texto da nota Tít. orig.:
606 ## - Nome comum usado como assunto
Número de registo de entrada de autoridade 0001255
Palavra de ordem Literatura Inglesa
675 ## - Classificação Decimal Universal (CDU)
Notação 821.111
Edição BN
Língua da edição por
700 #1 - Nome de autor-pessoa física (responsabilidade principal)
Número de registo de entrada de autoridade 0001257
Palavra de ordem Rabley
Outra parte do nome não tomada para palavra de ordem Stephen
942 ## - Elementos de entrada adicionados (Koha)
Tipo de item no Koha Livro
Exemplares
Situação do levantamento Origin of item (home branch) (coded) Biblioteca de empréstimo Código de barras Cota Circulation type (not for loan) Tipo de documento Nota do exemplar Damaged status
  Biblioteca Escolar Eng. Nuno Mergulhão Biblioteca Escolar Eng. Nuno Mergulhão BENM1685 821 RAB   Livro Sem mensagem  
  Biblioteca Escolar Eng. Nuno Mergulhão Biblioteca Escolar Eng. Nuno Mergulhão BENM1687 821 RAB   Livro Sem mensagem